<?xml version="1.0" encoding="UTF-8"?>
<marc:record xmlns:marc="http://www.loc.gov/MARC21/slim">
   <marc:leader>00000nam a2200000 a 4500</marc:leader>
   <marc:datafield ind1="1" ind2=" " tag="100">
      <marc:subfield code="a">Hilbert, Jörg</marc:subfield>
      <marc:subfield code="4">aut</marc:subfield>
      <marc:subfield code="e">Verfasser/-in</marc:subfield>
   </marc:datafield>
   <marc:datafield ind1=" " ind2=" " tag="653">
      <marc:subfield code="a">Baum</marc:subfield>
   </marc:datafield>
   <marc:datafield ind1=" " ind2=" " tag="653">
      <marc:subfield code="a">Zusammenleben</marc:subfield>
   </marc:datafield>
   <marc:datafield ind1=" " ind2=" " tag="653">
      <marc:subfield code="a">Bilderbuch</marc:subfield>
   </marc:datafield>
   <marc:datafield ind1=" " ind2=" " tag="653">
      <marc:subfield code="a">Waldbaden</marc:subfield>
   </marc:datafield>
   <marc:datafield ind1="0" ind2="0" tag="245">
      <marc:subfield code="a">So hoch der Baum</marc:subfield>
   </marc:datafield>
   <marc:datafield ind1="0" ind2="0" tag="245">
      <marc:subfield code="b">welche Tiere leben dort?</marc:subfield>
   </marc:datafield>
   <marc:datafield ind1="0" ind2="0" tag="245">
      <marc:subfield code="c">Jörg Hilbert</marc:subfield>
   </marc:datafield>
   <marc:datafield ind1=" " ind2="1" tag="264">
      <marc:subfield code="a">Hamburg</marc:subfield>
      <marc:subfield code="b">Carlsen</marc:subfield>
      <marc:subfield code="c">2019</marc:subfield>
   </marc:datafield>
   <marc:datafield ind1="1" ind2=" " tag="520">
      <marc:subfield code="a">Bäume sind wunderbare Lebensräume. Diese Buch zeigt humorvoll, welche Tiere dort leben. Oben im Geäst wohnen zum Beispiel das Eichhörnchen Eichi, das Käuzchen Kathi, der Specht Herr Klopstock und die Tante Turteltäubchen. Weiter unten leben die Frosch-Oma Schneckenmütz, der Maulwurf Meister Mull und andere. Eines Tages vermisst das Eichhörnchen seine Nüsse. Wo sind die Nüsse? Wer hat die Nüsse? Alle Tiere werden gefragt und helfen mit beim Suchen.Eine wunderbare Tier-Parabel für Kinder über ein gutes, friedliches Zusammenleben der vielfältigsten Lebewesen.Eine wunderbare Geschichte zum Vorlesen von Jörg Hilbert, ergänzt mit humorvollen Versen.So hoch der Baum, so weit die Welt, so vielfältig die Bewohner. Vom Macher des "Ritter Rost"Für alle Freunde der Bäume! Sensibilisiert Kinder für das Leben in den Bäumen! Lädt ein zum "Waldbaden" mit Kindern!</marc:subfield>
   </marc:datafield>
   <marc:datafield ind1=" " ind2=" " tag="020">
      <marc:subfield code="a">9783551511102</marc:subfield>
      <marc:subfield code="9">9783551511102</marc:subfield>
   </marc:datafield>
   <marc:datafield ind1=" " ind2=" " tag="020">
      <marc:subfield code="a">3551511101</marc:subfield>
      <marc:subfield code="9">3551511101</marc:subfield>
   </marc:datafield>
   <marc:datafield ind1=" " ind2=" " tag="041">
      <marc:subfield code="a">ger</marc:subfield>
   </marc:datafield>
   <marc:datafield ind1=" " ind2=" " tag="300">
      <marc:subfield code="a">48 S. : Ill.</marc:subfield>
   </marc:datafield>
</marc:record>
